[Event "Madrid ch - Semifinal A"]
[Site "Madrid ESP"]
[Date "2011.01.25"]
[Round "5.9"]
[White "Fuentes Arjona, Antonio"]
[Black "Garcia Martin, Juan Manuel"]
[Result "1-0"]
[WhiteElo "2006"]
[BlackElo "1903"]
[PlyCount "107"]
[EventDate "2011.01.17"]
[EventType "swiss"]
[EventRounds "9"]
[EventCountry "ESP"]
[Source "lmi"]
[SourceDate "2011.01.17"]

1. e4 d5 2. exd5 Nf6 3. d4 Bg4 4. Be2 Bxe2 5. Nxe2 Qxd5 6. O-O Qh5 7. c4 e6 8.
Bf4 Bd6 9. Nbc3 Bxf4 10. Nxf4 Qxd1 11. Raxd1 O-O 12. Rfe1 Nbd7 13. d5 exd5 14.
Nfxd5 c6 15. Ne7+ Kh8 16. Nf5 g6 17. Nd6 Kg7 18. Re7 Nb6 19. b3 Rad8 20. Rxb7
Nc8 21. Nxc8 Rxd1+ 22. Nxd1 Rxc8 23. Rxa7 Rd8 24. Ne3 Rd2 25. f3 Nd7 26. Nf1
Rd1 27. Kf2 Ne5 28. Ke2 Rb1 29. Nd2 Rg1 30. Kf2 Rc1 31. Ne4 h6 32. h4 Kf8 33.
Ra5 Nd7 34. g4 Ke7 35. Kg3 f6 36. g5 hxg5 37. hxg5 f5 38. Nc5 Ne5 39. Kf4 Re1
40. Ra7+ Kd6 41. b4 Rc1 42. Nb7+ Ke6 43. Nd8+ Kd6 44. Nb7+ Ke6 45. Nd8+ Kd6 46.
Nf7+ Nxf7 47. Rxf7 Rxc4+ 48. Kg3 Rxb4 49. Rf6+ Kd5 50. Rxg6 c5 51. Rg8 Ra4 52.
Rf8 Ke5 53. f4+ Ke6 54. Rf6+ 1-0

[Event "Madrid ch - Semifinal A"]
[Site "Madrid ESP"]
[Date "2011.01.25"]
[Round "5.10"]
[White "Vukotic Jovsic, Dragan"]
[Black "Lopez De Turiso, Jose Angel"]
[Result "1-0"]
[WhiteElo "1960"]
[BlackElo "2064"]
[PlyCount "77"]
[EventDate "2011.01.17"]
[EventType "swiss"]
[EventRounds "9"]
[EventCountry "ESP"]
[Source "lmi"]
[SourceDate "2011.01.17"]

1. d4 Nf6 2. Bf4 d6 3. e3 g6 4. Nf3 Bg7 5. Be2 O-O 6. O-O Nbd7 7. h3 Qe8 8. c4
e5 9. Bh2 Ne4 10. Nc3 Nxc3 11. bxc3 f5 12. Qb3 Kh8 13. c5 dxc5 14. Ng5 Nb6 15.
dxc5 h6 16. Nf3 Nd7 17. c6 bxc6 18. Qc4 c5 19. Qd5 Rb8 20. Nd2 Rb2 21. Rab1 c6
22. Qd6 Rf6 23. Qxf6 Rxd2 24. Qxc6 Rxe2 25. Rfd1 Rxa2 26. Rd6 Ra6 27. Qc7 Rxd6
28. Qxd6 Kh7 29. Qc7 a6 30. Rd1 Bf6 31. Rd6 Qd8 32. Rc6 Kg7 33. Qxd8 Bxd8 34.
Rxc8 Ba5 35. Bxe5+ Kf7 36. Bh8 Bb6 37. Rc6 a5 38. c4 Bd8 39. Rd6 1-0

[Event "Madrid ch - Semifinal A"]
[Site "Madrid ESP"]
[Date "2011.01.25"]
[Round "5.11"]
[White "Lopez Heras, Arturo"]
[Black "Monge Gilgado, Eva Maria"]
[Result "0-1"]
[WhiteElo "2021"]
[BlackElo "1832"]
[PlyCount "84"]
[EventDate "2011.01.17"]
[EventType "swiss"]
[EventRounds "9"]
[EventCountry "ESP"]
[Source "lmi"]
[SourceDate "2011.01.17"]

1. e4 c5 2. Nf3 e6 3. d4 cxd4 4. Nxd4 d6 5. Nc3 Nf6 6. g4 a6 7. h4 b5 8. g5
Nfd7 9. a3 Be7 10. Be3 Bb7 11. Qd2 Nc5 12. Bg2 Nbd7 13. b4 Na4 14. Nxa4 bxa4
15. f4 Nb6 16. Qe2 Qc7 17. O-O Nc4 18. Bf2 O-O 19. f5 e5 20. Nf3 a5 21. b5 Rac8
22. Nh2 Rfd8 23. Ng4 Bf8 24. h5 d5 25. h6 dxe4 26. hxg7 Bxg7 27. f6 Bf8 28.
Rfd1 e3 29. Bxe3 Nxe3 30. Nxe3 Bxg2 31. Kxg2 Rxd1 32. Rxd1 Bxa3 33. Rh1 Qb7+
34. Kg1 Qe4 35. Rh3 Bc1 36. Qe1 Bxe3+ 37. Rxe3 Qg4+ 38. Rg3 Qd4+ 39. Kh2 Qh4+
40. Kg1 Rxc2 41. Qe3 Qh2+ 42. Kf1 Rb2 0-1

[Event "Madrid ch - Semifinal A"]
[Site "Madrid ESP"]
[Date "2011.01.25"]
[Round "5.12"]
[White "Perez Cameselle, Francisco"]
[Black "Ruiz Quevedo, Andres"]
[Result "1/2-1/2"]
[WhiteElo "1904"]
[BlackElo "1950"]
[PlyCount "101"]
[EventDate "2011.01.17"]
[EventType "swiss"]
[EventRounds "9"]
[EventCountry "ESP"]
[Source "lmi"]
[SourceDate "2011.01.17"]

1. e4 d5 2. exd5 Qxd5 3. Nc3 Qa5 4. g3 Nf6 5. Bg2 c6 6. Nf3 Bg4 7. h3 Bh5 8.
O-O Nbd7 9. d4 e6 10. Bf4 Be7 11. Re1 Nd5 12. Nxd5 cxd5 13. c3 O-O 14. Qb3 b5
15. Ne5 Nxe5 16. Bxe5 Rfc8 17. a3 Bg6 18. Qd1 Qb6 19. h4 h6 20. h5 Bh7 21. Qg4
Bf8 22. Bf4 Bf5 23. Qe2 a5 24. g4 Bh7 25. Bd2 b4 26. axb4 axb4 27. Qe3 bxc3 28.
Bxc3 Bb4 29. Rxa8 Rxa8 30. Bxb4 Qxb4 31. Qc3 Rb8 32. Qxb4 Rxb4 33. Bxd5 Rxb2
34. Be4 Bxe4 35. Rxe4 Rb1+ 36. Kg2 Rd1 37. Kf3 Kf8 38. Ke2 Rg1 39. f3 Ra1 40.
Ke3 Ra5 41. Kf4 Ke7 42. Re5 Ra4 43. Ke3 Ra3+ 44. Ke4 Kf6 45. Rb5 Ra1 46. f4
Re1+ 47. Kf3 Rf1+ 48. Ke4 Rg1 49. Kf3 Rf1+ 50. Ke4 Rg1 51. Kf3 1/2-1/2

[Event "Madrid ch - Semifinal A"]
[Site "Madrid ESP"]
[Date "2011.01.25"]
[Round "5.13"]
[White "Lozano Sanchez, Jose Antonio"]
[Black "Galan Aguado, Fernando"]
[Result "1-0"]
[WhiteElo "1918"]
[BlackElo "1841"]
[PlyCount "91"]
[EventDate "2011.01.17"]
[EventType "swiss"]
[EventRounds "9"]
[EventCountry "ESP"]
[Source "lmi"]
[SourceDate "2011.01.17"]

1. e4 e6 2. Nf3 d5 3. exd5 exd5 4. d4 Bg4 5. h3 Qe7+ 6. Be3 Bh5 7. c3 c6 8. Be2
Qc7 9. Nbd2 Bd6 10. O-O Ne7 11. Re1 O-O 12. Qc2 Bg6 13. Bd3 Nd7 14. Nh4 Bxd3
15. Qxd3 Rae8 16. Re2 Nf6 17. Bg5 Nh5 18. Rae1 f6 19. Be3 g6 20. Bh6 Rf7 21.
Be3 Ref8 22. Nb3 b6 23. g4 Ng7 24. Bh6 f5 25. g5 f4 26. Nf3 Nef5 27. Bxg7 Nxg7
28. Ne5 Re7 29. Nd2 Rfe8 30. Ndf3 Nf5 31. Qd2 Bxe5 32. Rxe5 Rxe5 33. Rxe5 Rxe5
34. Nxe5 c5 35. Qxf4 Qd6 36. Nd3 cxd4 37. Qxd6 Nxd6 38. cxd4 Nf5 39. Nf4 Nxd4
40. Kg2 Nf5 41. Nxd5 Kf7 42. Kf3 Ke6 43. Ne3 Nd4+ 44. Ke4 Ne2 45. Nc2 Nc1 46.
Nd4+ 1-0

[Event "Madrid ch - Semifinal A"]
[Site "Madrid ESP"]
[Date "2011.01.25"]
[Round "5.14"]
[White "Perez Del Amo, Jorge"]
[Black "Rodriguez Vignote, Javier"]
[Result "1/2-1/2"]
[WhiteElo "1854"]
[BlackElo "1918"]
[PlyCount "88"]
[EventDate "2011.01.17"]
[EventType "swiss"]
[EventRounds "9"]
[EventCountry "ESP"]
[Source "lmi"]
[SourceDate "2011.01.17"]

1. d4 Nf6 2. Nf3 e6 3. e3 b6 4. Bd3 Bb7 5. b3 c5 6. Bb2 Be7 7. Nbd2 d6 8. O-O
cxd4 9. exd4 O-O 10. c4 Nbd7 11. Re1 Re8 12. Qc2 Bf8 13. Ne4 Nxe4 14. Bxe4 Bxe4
15. Qxe4 d5 16. cxd5 Nf6 17. Qd3 Nxd5 18. a3 Bd6 19. Ne5 Qe7 20. Nc4 Bc7 21. g3
Qg5 22. Kh1 Nf6 23. Ne5 Rac8 24. f4 Qh5 25. Rac1 Bxe5 26. dxe5 Nd5 27. b4 Rcd8
28. Qe2 Qg6 29. Qa6 Ra8 30. Bd4 Qg4 31. Qe2 Qf5 32. Qc2 Ne7 33. Qxf5 Nxf5 34.
Bf2 Rac8 35. Red1 Kf8 36. Rxc8 Rxc8 37. Rd7 Ra8 38. Kg2 Ke8 39. Rc7 Ne7 40. Kf3
Nd5 41. Rc4 Kd7 42. Ke4 a5 43. b5 Ra7 44. Rc6 Rb7 1/2-1/2

[Event "Madrid ch - Semifinal A"]
[Site "Madrid ESP"]
[Date "2011.01.25"]
[Round "5.15"]
[White "Beekhof Harmsen, Willen"]
[Black "Lopez Peral, Enrique"]
[Result "1-0"]
[WhiteElo "1835"]
[BlackElo "1877"]
[PlyCount "91"]
[EventDate "2011.01.17"]
[EventType "swiss"]
[EventRounds "9"]
[EventCountry "ESP"]
[Source "lmi"]
[SourceDate "2011.01.17"]

1. d4 e5 2. dxe5 Nc6 3. Nf3 Qe7 4. e4 Nxe5 5. Be2 d6 6. Nc3 Nf6 7. Bg5 Nxf3+ 8.
Bxf3 Qe5 9. Qd2 Be7 10. O-O-O O-O 11. Bf4 Qa5 12. Kb1 Be6 13. Nd5 Nxd5 14. Qxa5
Nxf4 15. Qxc7 Ng6 16. e5 Rac8 17. Qxb7 Rb8 18. Qxa7 dxe5 19. Be4 f5 20. Bd5
Bxd5 21. Rxd5 Bf6 22. b3 Nf4 23. Rd7 Ne2 24. Qe3 Nd4 25. h4 Rfc8 26. Rxd4 exd4
27. Qd3 g6 28. Qg3 Rb6 29. Rd1 Rbc6 30. Qd3 Rc3 31. Qe2 Kf7 32. g3 h5 33. Rd3
Re8 34. Qf3 Re1+ 35. Kb2 Rc7 36. Qd5+ Kg7 37. a4 Re2 38. a5 Rcxc2+ 39. Ka3 Re4
40. Qd7+ Re7 41. Qb5 Ree2 42. Qd7+ Re7 43. Qd6 Rb7 44. b4 Re2 45. a6 Be7 46.
Qxd4+ 1-0

[Event "Madrid ch - Semifinal A"]
[Site "Madrid ESP"]
[Date "2011.01.25"]
[Round "5.16"]
[White "Martin-Consuegra Barrilero, Javi"]
[Black "Sarabia Utrilla, Joaquin"]
[Result "0-1"]
[WhiteElo "1906"]
[BlackElo "1840"]
[PlyCount "120"]
[EventDate "2011.01.17"]
[EventType "swiss"]
[EventRounds "9"]
[EventCountry "ESP"]
[Source "lmi"]
[SourceDate "2011.01.17"]

1. d4 d5 2. Bg5 Nf6 3. Bxf6 exf6 4. e3 Bf5 5. Nd2 Bd6 6. g3 c6 7. c3 Qd7 8. Bg2
O-O 9. Ne2 Re8 10. O-O Bg4 11. Re1 Na6 12. Qc1 b5 13. a4 b4 14. c4 Rac8 15. Nb3
Qf5 16. c5 Bc7 17. Qd2 h5 18. f3 Bh3 19. Nf4 Bxg2 20. Kxg2 Re7 21. Re2 Rce8 22.
Nd3 g5 23. Rae1 h4 24. Nf2 Qh7 25. e4 Kg7 26. exd5 Rxe2 27. Rxe2 hxg3 28. hxg3
Rh8 29. Ng4 Qh3+ 30. Kg1 Bxg3 31. Rh2 Bxh2+ 32. Nxh2 Qg3+ 33. Qg2 Qe1+ 34. Nf1
cxd5 35. Nbd2 Rh4 36. Qg3 Qxg3+ 37. Nxg3 Kg6 38. Ne2 Nc7 39. Nb3 f5 40. c6 g4
41. f4 Rh3 42. Nc5 Re3 43. Kf2 Re7 44. Nd3 Na6 45. Ne5+ Kf6 46. Nc1 Ke6 47. Nb3
f6 48. Ng6 Rc7 49. Na5 Nb8 50. Nb7 Nxc6 51. Nc5+ Kf7 52. Na6 Rc8 53. Nh4 Nxd4
54. Nxb4 Ke6 55. Ng2 Rc4 56. Nd3 Rc2+ 57. Kg3 Ne2+ 58. Kh4 Nc1 59. Nge1 Rh2+
60. Kg3 Rh3+ 0-1

[Event "Madrid ch - Semifinal A"]
[Site "Madrid ESP"]
[Date "2011.01.26"]
[Round "6.1"]
[White "Gemy, Jose Daniel"]
[Black "De La Fuente Gonzalez, Francisco"]
[Result "1-0"]
[WhiteElo "2301"]
[BlackElo "2230"]
[PlyCount "109"]
[EventDate "2011.01.17"]
[EventType "swiss"]
[EventRounds "9"]
[EventCountry "ESP"]
[Source "lmi"]
[SourceDate "2011.01.17"]

1. e4 e5 2. Nf3 Nf6 3. Nxe5 d6 4. Nf3 Nxe4 5. Nc3 Nxc3 6. dxc3 Be7 7. Be3 Nd7
8. Qd2 Ne5 9. Be2 Be6 10. Nd4 Bc4 11. f4 Bxe2 12. Qxe2 Nd7 13. Nf5 O-O 14.
O-O-O g6 15. Qg4 Nf6 16. Qg5 Re8 17. Bd4 Ne4 18. Nh6+ Kf8 19. Qd5 Ng5 20. Rhf1
Ne6 21. Nxf7 Kxf7 22. f5 Bg5+ 23. Kb1 Kg8 24. fxe6 c6 25. Qe4 Rf8 26. Rf7 Rxf7
27. exf7+ Kf8 28. Rf1 Qe7 29. Qg4 c5 30. Bh8 Bh6 31. Qh3 Qe3 32. Qd7 Qe7 33.
Qh3 Qe3 34. Qh4 Qg5 35. Qe4 Qe7 36. Qd5 Bg7 37. Bxg7+ Kxg7 38. b3 Rf8 39. Kb2
b6 40. h3 h5 41. g4 Rxf7 42. Rxf7+ Qxf7 43. Qxd6 Qf3 44. Qc7+ Qf7 45. Qe5+ Qf6
46. Qb8 a5 47. g5 Qxg5 48. Qxb6 Qf5 49. Qxa5 Qxh3 50. Qc7+ Kh6 51. a4 h4 52. a5
Qg3 53. Qd8 h3 54. a6 h2 55. a7 1-0

[Event "Madrid ch - Semifinal A"]
[Site "Madrid ESP"]
[Date "2011.01.26"]
[Round "6.2"]
[White "Ramirez Garcia, Jorge Alberto"]
[Black "Pastor Alonso De Prado, Emilio A"]
[Result "1-0"]
[WhiteElo "2255"]
[BlackElo "2176"]
[PlyCount "129"]
[EventDate "2011.01.17"]
[EventType "swiss"]
[EventRounds "9"]
[EventCountry "ESP"]
[Source "lmi"]
[SourceDate "2011.01.17"]

1. e4 e5 2. Nf3 Nc6 3. d4 exd4 4. Nxd4 d6 5. Nc3 Nf6 6. g3 Be7 7. Bg2 O-O 8. h3
Nxd4 9. Qxd4 c6 10. Be3 Ne8 11. g4 Qa5 12. O-O Bf6 13. Qd3 Bxc3 14. bxc3 Be6
15. c4 Qa6 16. Rfb1 Bxc4 17. Qd4 c5 18. Qc3 b6 19. a4 Rd8 20. a5 b5 21. e5 b4
22. Qb2 Nc7 23. Rd1 Ne6 24. f4 f5 25. exf6 gxf6 26. f5 Nc7 27. Bf4 Nb5 28. Re1
Nc3 29. Kf2 Rde8 30. Bh6 Rxe1 31. Rxe1 Rd8 32. Re7 Bf7 33. Qc1 Qc4 34. Bf3 Bd5
35. Qe3 Bf7 36. g5 Nd5 37. Bxd5 Qxd5 38. Qf4 Qd4+ 39. Qxd4 cxd4 40. g6 hxg6 41.
fxg6 Ba2 42. Rg7+ Kh8 43. Rh7+ Kg8 44. Rg7+ Kh8 45. Rxa7 Rc8 46. Bg7+ Kg8 47.
Bxf6 Rxc2+ 48. Ke1 Rc8 49. Bxd4 Bd5 50. Rd7 Kf8 51. Rxd6 Be4 52. Rb6 Re8 53.
Kd2 b3 54. g7+ Kf7 55. Rxb3 Bd5 56. Rg3 Ke7 57. Bc5+ Kf6 58. Bf8 Bg8 59. Rd3
Re4 60. Rd6+ Kf7 61. a6 Ra4 62. Rb6 Ra2+ 63. Kc3 Ke8 64. Bc5 Rg2 65. Rb8+ 1-0

[Event "Madrid ch - Semifinal A"]
[Site "Madrid ESP"]
[Date "2011.01.26"]
[Round "6.3"]
[White "Spitzer Isbert, Ramon"]
[Black "Cabanas Bravo, Juan Andres"]
[Result "1-0"]
[WhiteElo "2082"]
[BlackElo "2059"]
[PlyCount "109"]
[EventDate "2011.01.17"]
[EventType "swiss"]
[EventRounds "9"]
[EventCountry "ESP"]
[Source "lmi"]
[SourceDate "2011.01.17"]

1. e4 e5 2. f4 exf4 3. Nc3 Qh4+ 4. Ke2 d5 5. Nf3 Bg4 6. Nxd5 Bd6 7. d4 c6 8.
Nxf4 Bxf3+ 9. Kxf3 Nf6 10. Be2 Qg4+ 11. Kf2 Nxe4+ 12. Kg1 Qh4 13. g3 Qf6 14.
Qd3 Qe7 15. Bg4 Nd7 16. Bxd7+ Kxd7 17. Nh5 g6 18. Qxe4 gxh5 19. Qxe7+ Kxe7 20.
Bg5+ f6 21. Re1+ Kf7 22. Rf1 Be7 23. Kg2 Kg6 24. Bf4 Rhd8 25. Re1 Bf8 26. Re4
c5 27. dxc5 Bxc5 28. Rf1 Rac8 29. c3 Rd5 30. Rfe1 Rcd8 31. Re6 Kf5 32. R6e2 h4
33. Bc7 R8d7 34. Rf1+ Kg6 35. Bf4 hxg3 36. hxg3 Rd1 37. Ree1 Rxe1 38. Rxe1 h5
39. Re8 Rd1 40. Rh8 Rb1 41. b4 Bb6 42. Rh6+ Kg7 43. Rxh5 Rb2+ 44. Kf3 Rxa2 45.
Rd5 Rc2 46. Kg4 Kg6 47. Rd3 Rf2 48. c4 a5 49. c5 Ba7 50. Ra3 f5+ 51. Kh3 b6 52.
c6 Rc2 53. c7 Kh5 54. Ra1 b5 55. Rc1 1-0

[Event "Madrid ch - Semifinal A"]
[Site "Madrid ESP"]
[Date "2011.01.26"]
[Round "6.5"]
[White "Mansilla Tolosa, Luis"]
[Black "Perez Gonzalez, Jose Manuel"]
[Result "0-1"]
[WhiteElo "2081"]
[BlackElo "2279"]
[PlyCount "88"]
[EventDate "2011.01.17"]
[EventType "swiss"]
[EventRounds "9"]
[EventCountry "ESP"]
[Source "lmi"]
[SourceDate "2011.01.17"]

1. d4 g6 2. c4 Bg7 3. Nc3 d6 4. e4 Nc6 5. Be3 e5 6. Nge2 f5 7. g3 Nf6 8. d5 Ne7
9. Bg2 O-O 10. h3 fxe4 11. Nxe4 Nxe4 12. Bxe4 Nf5 13. Bxf5 Bxf5 14. Nc3 Rf7 15.
g4 Bd7 16. Ne4 h6 17. Qd2 Qh4 18. O-O-O Rf3 19. c5 Rxh3 20. Rxh3 Qxh3 21. cxd6
Qxg4 22. Nc3 cxd6 23. Bxh6 Bf5 24. Bxg7 Kxg7 25. b3 Rc8 26. Kb2 Qf3 27. Re1 Qd3
28. Qxd3 Bxd3 29. Re3 Bf5 30. Nb5 Rc2+ 31. Ka3 Rc5 32. Nxd6 Rxd5 33. Nc4 Kf6
34. Kb4 g5 35. Kc3 g4 36. b4 b5 37. Na5 Rd4 38. a3 Rf4 39. Re2 Be6 40. Kd2 Bd5
41. Ke1 Rf3 42. Rc2 Rxa3 43. Rc5 Be6 44. Rxb5 Rd3 0-1

[Event "Madrid ch - Semifinal A"]
[Site "Madrid ESP"]
[Date "2011.01.26"]
[Round "6.6"]
[White "Rodriguez De Castro, Ayar"]
[Black "Vukotic Jovsic, Dragan"]
[Result "1-0"]
[WhiteElo "2103"]
[BlackElo "1960"]
[PlyCount "57"]
[EventDate "2011.01.17"]
[EventType "swiss"]
[EventRounds "9"]
[EventCountry "ESP"]
[Source "lmi"]
[SourceDate "2011.01.17"]

1. d4 Nf6 2. c4 e6 3. Nf3 d5 4. e3 Be7 5. Bd3 O-O 6. O-O dxc4 7. Bxc4 c5 8. Qe2
cxd4 9. exd4 a6 10. Nc3 b5 11. Bb3 Bb7 12. a3 Nbd7 13. Bf4 Nd5 14. Nxd5 Bxd5
15. Bxd5 exd5 16. Rac1 Re8 17. Qd3 Nf8 18. Bc7 Qc8 19. Ne5 Ne6 20. Ba5 Qb7 21.
f4 Rac8 22. f5 Nxd4 23. Qxd4 Bf6 24. Rxc8 Qxc8 25. Re1 Qb8 26. Bc3 a5 27. Qxd5
b4 28. Qxf7+ Kh8 29. Ng6+ 1-0

[Event "Madrid ch - Semifinal A"]
[Site "Madrid ESP"]
[Date "2011.01.26"]
[Round "6.8"]
[White "Garcia Ruido, Ricardo"]
[Black "Rojas Pozo, Jose Luis"]
[Result "1-0"]
[WhiteElo "2067"]
[BlackElo "1946"]
[PlyCount "81"]
[EventDate "2011.01.17"]
[EventType "swiss"]
[EventRounds "9"]
[EventCountry "ESP"]
[Source "lmi"]
[SourceDate "2011.01.17"]

1. e4 c6 2. d4 d5 3. Nc3 dxe4 4. Nxe4 Nd7 5. Nf3 Ngf6 6. Nxf6+ Nxf6 7. Bc4 e6
8. Qe2 Qc7 9. Bg5 Be7 10. Ne5 Nd5 11. Bd2 Nf6 12. O-O-O b5 13. Bd3 a5 14. Nxc6
O-O 15. Nxe7+ Qxe7 16. Bxb5 Bb7 17. f3 Nd5 18. Kb1 Rfb8 19. Ka1 a4 20. a3 Rc8
21. Bd3 Qc7 22. Qe5 Qb6 23. c4 Ba6 24. c5 Qb3 25. Bxa6 Rxa6 26. Rb1 Qd3 27.
Rhd1 Qb3 28. Qe2 Raa8 29. Rdc1 Qb7 30. h4 Qc6 31. h5 h6 32. g4 Rab8 33. g5 hxg5
34. Bxg5 f6 35. Bd2 Rb3 36. Rg1 Rcb8 37. h6 g5 38. f4 Qb7 39. Qxe6+ Kh8 40. c6
Qb5 41. c7 1-0

[Event "Madrid ch - Semifinal A"]
[Site "Madrid ESP"]
[Date "2011.01.26"]
[Round "6.9"]
[White "Monge Gilgado, Eva Maria"]
[Black "Alvarez Abejon, Amilcar"]
[Result "1/2-1/2"]
[WhiteElo "1832"]
[BlackElo "2094"]
[PlyCount "68"]
[EventDate "2011.01.17"]
[EventType "swiss"]
[EventRounds "9"]
[EventCountry "ESP"]
[Source "lmi"]
[SourceDate "2011.01.17"]

1. e4 e5 2. Bc4 Nf6 3. d3 Nc6 4. c3 Bc5 5. Nf3 a6 6. Bb3 d6 7. O-O O-O 8. Re1
Ba7 9. Nbd2 Ng4 10. Re2 Kh8 11. Nf1 f5 12. exf5 Bxf5 13. Ne3 Nxe3 14. fxe3 Bg4
15. Rf2 e4 16. dxe4 Ne5 17. Nxe5 Bxd1 18. Rxf8+ Qxf8 19. Nf7+ Qxf7 20. Bxf7 Bc2
21. Bd2 Bxe4 22. Rf1 Rf8 23. Bh5 Rxf1+ 24. Kxf1 g5 25. Kf2 Kg7 26. Kg3 Kf6 27.
Bf3 d5 28. h4 c6 29. hxg5+ Kxg5 30. a3 Bb8+ 31. Kf2 Bc2 32. e4+ Kf6 33. exd5
Ba4 34. dxc6 Bxc6 1/2-1/2

[Event "Madrid ch - Semifinal A"]
[Site "Madrid ESP"]
[Date "2011.01.26"]
[Round "6.10"]
[White "Quintero Torres, Pedro"]
[Black "Lorenzo Bailador, Alfredo"]
[Result "1/2-1/2"]
[WhiteElo "1968"]
[BlackElo "2018"]
[PlyCount "111"]
[EventDate "2011.01.17"]
[EventType "swiss"]
[EventRounds "9"]
[EventCountry "ESP"]
[Source "lmi"]
[SourceDate "2011.01.17"]

1. e4 e5 2. Nf3 Nc6 3. d4 exd4 4. Nxd4 Bc5 5. Nb3 Bb6 6. a4 Qf6 7. Qe2 a6 8.
Nc3 Nge7 9. Nd5 Nxd5 10. exd5+ Ne7 11. a5 Ba7 12. h4 d6 13. Bg5 Qe5 14. Rd1 Bf5
15. Qxe5 dxe5 16. Bd3 f6 17. Be3 Bxe3 18. fxe3 O-O-O 19. e4 Bg4 20. Rd2 Ng6 21.
g3 Nf8 22. c4 Kb8 23. Nc5 Ka7 24. O-O Nd7 25. Nxd7 Bxd7 26. b4 Rb8 27. c5 Rbc8
28. Rc1 Rhd8 29. Bc4 Be8 30. Rc3 Bg6 31. Bd3 c6 32. d6 Bf7 33. Bc4 Bxc4 34.
Rxc4 Rd7 35. Rc3 Kb8 36. Rf3 Rh8 37. Rc2 h5 38. Kg2 Kc8 39. Kh3 Rdd8 40. Rf5
Rh6 41. Rg2 Rdh8 42. Rgf2 Kd7 43. Kg2 Ke6 44. R5f3 Rd8 45. Rd3 Kd7 46. Kh3 Rdh8
47. Rf5 Rg6 48. Rd2 Rgh6 49. Rd3 Rg6 50. Rd1 Rgh6 51. Kg2 Rd8 52. Rd3 Ke6 53.
Rdf3 Rdh8 54. Kh3 Kd7 55. Rf2 Ke6 56. Rd2 1/2-1/2

[Event "Madrid ch - Semifinal A"]
[Site "Madrid ESP"]
[Date "2011.01.26"]
[Round "6.11"]
[White "Ruiz Quevedo, Andres"]
[Black "Beekhof Harmsen, Willen"]
[Result "0-1"]
[WhiteElo "1950"]
[BlackElo "1835"]
[PlyCount "66"]
[EventDate "2011.01.17"]
[EventType "swiss"]
[EventRounds "9"]
[EventCountry "ESP"]
[Source "lmi"]
[SourceDate "2011.01.17"]

1. Nf3 f5 2. d3 g6 3. e4 fxe4 4. dxe4 Bg7 5. h4 Nc6 6. h5 b6 7. hxg6 hxg6 8.
Rxh8 Bxh8 9. e5 e6 10. Bd3 Nge7 11. Bg5 d5 12. Bf6 Kd7 13. c4 Qg8 14. Bxe7 Nxe7
15. Be4 Bb7 16. cxd5 Bxd5 17. Kf1 c6 18. Nc3 Kc7 19. Rc1 Rd8 20. Qa4 Kb7 21.
Nxd5 exd5 22. Bd3 Qe6 23. Qa6+ Kb8 24. Re1 c5 25. b3 Rg8 26. g3 Qh3+ 27. Ke2
Qg4 28. Qa4 d4 29. Kd2 Qxf3 30. Be4 Qc3+ 31. Ke2 d3+ 32. Kf1 d2 33. Rd1 Qd4 0-1

[Event "Madrid ch - Semifinal A"]
[Site "Madrid ESP"]
[Date "2011.01.26"]
[Round "6.13"]
[White "Sarabia Utrilla, Joaquin"]
[Black "Lozano Sanchez, Jose Antonio"]
[Result "0-1"]
[WhiteElo "1840"]
[BlackElo "1918"]
[PlyCount "82"]
[EventDate "2011.01.17"]
[EventType "swiss"]
[EventRounds "9"]
[EventCountry "ESP"]
[Source "lmi"]
[SourceDate "2011.01.17"]

1. d4 d5 2. c4 Nf6 3. Nc3 c6 4. Nf3 Bf5 5. cxd5 Nxd5 6. g3 e6 7. Bg2 Nd7 8. O-O
h6 9. Nh4 Bh7 10. e4 Nxc3 11. bxc3 Be7 12. Qg4 Bxh4 13. gxh4 Rg8 14. f3 Nf6 15.
Qg3 Qe7 16. a4 Nh5 17. Qe5 Qxh4 18. d5 cxd5 19. exd5 Bf5 20. dxe6 fxe6 21. Qb5+
Kf7 22. Ba3 Nf4 23. Qxb7+ Kg6 24. Ra2 Kh7 25. Be7 Qh5 26. Bd6 Nxg2 27. Rxg2 Bh3
28. Rff2 Bxg2 29. Rxg2 Qd5 30. Qxd5 exd5 31. Rd2 Rac8 32. Be5 Rgd8 33. Rg2 Rd7
34. f4 Rc4 35. Ra2 Re7 36. Kf2 g5 37. Rd2 Rxa4 38. Rxd5 gxf4 39. Kf3 Ra1 40.
Kxf4 a5 41. Rd8 Rf1+ 0-1

[Event "Madrid ch - Semifinal A"]
[Site "Madrid ESP"]
[Date "2011.01.26"]
[Round "6.14"]
[White "Galan Aguado, Fernando"]
[Black "Perez Cameselle, Francisco"]
[Result "0-1"]
[WhiteElo "1841"]
[BlackElo "1904"]
[PlyCount "50"]
[EventDate "2011.01.17"]
[EventType "swiss"]
[EventRounds "9"]
[EventCountry "ESP"]
[Source "lmi"]
[SourceDate "2011.01.17"]

1. d4 g6 2. Nf3 Bg7 3. Bf4 Nf6 4. e3 Nh5 5. Be5 f6 6. g4 fxe5 7. gxh5 exd4 8.
Nxd4 c5 9. Nb3 Bxb2 10. N1d2 Bxa1 11. Qxa1 Rg8 12. Nxc5 Qb6 13. Nce4 d5 14. Ng5
Qf6 15. Qxf6 exf6 16. Nxh7 Kf7 17. hxg6+ Rxg6 18. Bd3 Rg7 19. h4 Nc6 20. h5 Ne5
21. Bg6+ Nxg6 22. hxg6+ Rxg6 23. Nf3 Bd7 24. Rh4 Kg7 25. Nxf6 Kxf6 0-1

[Event "Madrid ch - Semifinal A"]
[Site "Madrid ESP"]
[Date "2011.01.26"]
[Round "6.15"]
[White "Lopez De Turiso, Jose Angel"]
[Black "Perez Del Amo, Jorge"]
[Result "1-0"]
[WhiteElo "2064"]
[BlackElo "1854"]
[PlyCount "87"]
[EventDate "2011.01.17"]
[EventType "swiss"]
[EventRounds "9"]
[EventCountry "ESP"]
[Source "lmi"]
[SourceDate "2011.01.17"]

1. c4 Nf6 2. Nc3 e6 3. e4 d5 4. cxd5 exd5 5. e5 d4 6. exf6 dxc3 7. Qe2+ Be6 8.
dxc3 a6 9. fxg7 Bxg7 10. Nf3 Qd7 11. Qd3 Nc6 12. Qxd7+ Bxd7 13. Be2 O-O-O 14.
O-O h6 15. Be3 Be6 16. Rfd1 Rxd1+ 17. Bxd1 Rd8 18. Be2 Ne7 19. Bd4 f6 20. c4
Nc6 21. Bc3 Ne5 22. Nxe5 fxe5 23. b3 c5 24. f4 Re8 25. Bh5 Re7 26. fxe5 Bd7 27.
Re1 Be6 28. Kf2 Kc7 29. Ke3 Bf5 30. Kf4 Be6 31. h4 Rd7 32. Rd1 Re7 33. Rd6 Bd7
34. Bg6 Be6 35. Ba5+ Kb8 36. Bd8 Rd7 37. Rxd7 Bxd7 38. Bb6 Bf8 39. Bf7 Kc8 40.
g4 Be7 41. g5 hxg5+ 42. hxg5 Bf8 43. g6 Bh3 44. Bxc5 1-0

[Event "Madrid ch - Semifinal A"]
[Site "Madrid ESP"]
[Date "2011.01.26"]
[Round "6.16"]
[White "Rodriguez Vignote, Javier"]
[Black "Lopez Heras, Arturo"]
[Result "0-1"]
[WhiteElo "1918"]
[BlackElo "2021"]
[PlyCount "142"]
[EventDate "2011.01.17"]
[EventType "swiss"]
[EventRounds "9"]
[EventCountry "ESP"]
[Source "lmi"]
[SourceDate "2011.01.17"]

1. d4 Nf6 2. c4 c5 3. d5 b5 4. cxb5 a6 5. bxa6 Bxa6 6. Nc3 g6 7. Nf3 d6 8. g3
Bg7 9. Bg2 O-O 10. O-O Nbd7 11. Rb1 Qa5 12. Bd2 Ng4 13. Qc1 Rfb8 14. b3 Bxc3
15. Bxc3 Qxa2 16. Rb2 Qa3 17. Nd2 Bb5 18. h3 Ngf6 19. Re1 Qa6 20. e4 Ra7 21. f4
Qb6 22. Kh2 Rba8 23. e5 Nh5 24. Nc4 Qc7 25. Qe3 Bxc4 26. bxc4 Nb6 27. Qe2 Na4
28. exd6 Qxd6 29. Be5 Qd7 30. Rb5 f6 31. Ba1 Qd6 32. Qe6+ Kg7 33. Reb1 Ra6 34.
Qe1 Nb6 35. Bf1 Nd7 36. Be2 Nxf4 37. gxf4 Qxf4+ 38. Qg3 Qxg3+ 39. Kxg3 Rxa1 40.
Rxa1 Rxa1 41. Rb7 Ra2 42. Kf2 Ne5 43. Rxe7+ Kf8 44. Rxh7 Nxc4 45. Rc7 Nd6 46.
Ke3 Ra3+ 47. Kf4 Ra4+ 48. Kg3 c4 49. Bd1 Ra3+ 50. Kg4 Rd3 51. Rd7 Rxd5 52. Bc2
Rd4+ 53. Kf3 g5 54. h4 gxh4 55. Rh7 Nf7 56. Ke3 Rg4 57. Bf5 Rg3+ 58. Kf4 Nd6
59. Rxh4 Nxf5 60. Rh8+ Kg7 61. Rc8 Nd6 62. Rc6 Rd3 63. Kg4 Kf7 64. Rc7+ Ke6 65.
Kf4 Rd4+ 66. Ke3 Rd3+ 67. Ke2 Ke5 68. Rc5+ Kd4 69. Rc6 Kc3 70. Ke1 Kc2 71. Ke2
c3 0-1